LEADER 01215nam0-22003371i-450- 001 990000429530403321 005 20060922145233.0 035 $a000042953 035 $aFED01000042953 035 $a(Aleph)000042953FED01 035 $a000042953 100 $a20020821d1995----km-y0itay50------ba 101 0 $aita 102 $aIT 105 $ay-------001yy 200 1 $aArchitettura bioclimatica$fa cura di Cettina Gallo 210 $aRoma$cPianella$cPignocchi$cCecchini$d1995 215 $a157 p.$cill.$e1 videocassetta$e1 dischetto$d24 cm 300 $aIn testa al front.: ENEA Ente per le nuove tecnologie, l'energia e l'ambiente. 300 $aTesto, videocassetta e dischetto sono contenuti in una custodia di 24 cm. Il titolo della videocassetta è: Il raffrescamento passivo in edilizia Il titolo del dischetto è: Energy design 610 0 $aEdilizia bioclimatica 676 $a693.8 702 1$aGallo,$bCettina 712 02$aENEA$9 801 0$aIT$bUNINA$gRICA$2UNIMARC 901 $aBK 912 $a990000429530403321 952 $a08 AE 113$b714$fDINED 959 $aDINED 996 $aArchitettura bioclimatica$9327788 997 $aUNINA LEADER 00828nam0-22002891i-450- 001 990003180340403321 035 $a000318034 035 $aFED01000318034 035 $a(Aleph)000318034FED01 035 $a000318034 100 $a20000920d1974----km-y0itay50------ba 101 0 $aita 102 $aIT 200 1 $aReligione, Chiesa e strutture sociali$estudi e ricerche di sociologia religiosa$fMaria I. Macioti. 210 $aNapoli$cLiguori$d\c\\1974. 215 $a252 p.$d21 cm 225 1 $aContributi di sociologia$v16 676 $a13510 702 1$aMacioti,$bMaria Immacolata 801 0$aIT$bUNINA$gRICA$2UNIMARC 901 $aBK 912 $a990003180340403321 952 $a13510 MAC$b6687/I$fSES 959 $aSES 996 $aReligione, Chiesa e strutture sociali$9452614 997 $aUNINA DB $aING01 LEADER 00914nam--2200337---450- 001 990006016890203316 005 20150317102332.0 035 $a000601689 035 $aUSA01000601689 035 $a(ALEPH)000601689USA01 035 $a000601689 100 $a20071219d1983----km-y0itay50------ba 101 0 $aita 102 $aIT 105 $aa---||||001yy 200 1 $a26 agosto 1982, 1 maggio 1983 210 $aSalerno$cS.I.U.L.P.$d1983 215 $a52 p.$cill.$d22 cm 300 $aA p. 27: Progettazione di Giovanni Giannattasio 606 0 $aEroi 676 $a551.302 702 1$aGIANNATTASIO,$bGiovanni 702 1$aMARANO,$bUgo 801 0$aIT$bsalbc$gISBD 912 $a990006016890203316 951 $aXVII.3766$b1507 DBC$cXVII$d364751 959 $aBK 969 $aDBC 979 $aPASSARO$b90$c20150317$lUSA01$h1023 996 $a26 agosto 1982, 1 maggio 1983$91077119 997 $aUNISA